Countries supporting Russia/Serbia on Bosnia/Ukraine - Statistics

General Stats
  • This quiz has been taken 36 times
  • The average score is 14 of 27
Answer Stats
Hint Answer % Correct
Belarus
95%
China
86%
Hungary
77%
Iran
77%
North Korea
77%
Syria
73%
Venezuela
73%
Mali
68%
Myanmar
68%
Niger
68%
Russia Russia
68%
Serbia Serbia
68%
Cuba
64%
Democratic Republic of the Congo
64%
Eritrea
64%
Nicaragua
64%
Burkina Faso
41%
Central African Republic
41%
Comoros
32%
Zimbabwe
32%
Eswatini
27%
Burundi
23%
Grenada
23%
Antigua and Barbuda
18%
São Tomé and Principe
18%
Dominica
14%
Nauru
14%
No matching quizzes found
Score Distribution
Percent of People with Each Score
Percentile by Number Answered
Your Score History
You have not taken this quiz